Pharma hage rasthiyatva (Record no. 1054232)

MARC details
000 -LEADER
fixed length control field 00581nam a2200229Ia 4500
003 - CONTROL NUMBER IDENTIFIER
control field OSt
005 - DATE AND TIME OF LATEST TRANSACTION
control field 20221005125515.0
008 - FIXED-LENGTH DATA ELEMENTS--GENERAL INFORMATION
fixed length control field 221004b |||||||| |||| 00| 0 kan d
037 ## - SOURCE OF ACQUISITION
Terms of availability Textual
040 ## - CATALOGING SOURCE
Original cataloging agency CRL
Transcribing agency CRL
Language of cataloging kan
041 ## - LANGUAGE CODE
Source of code kan
Language code of text/sound track or separate title kan
100 ## - MAIN ENTRY--PERSONAL NAME
Personal name Arvindaru Au.
9 (RLIN) 636787
245 #0 - TITLE STATEMENT
Title Pharma hage rasthiyatva
260 ## - PUBLICATION, DISTRIBUTION, ETC.
Date of publication, distribution, etc. 1948
650 ## - SUBJECT ADDED ENTRY--TOPICAL TERM
Topical term or geographic name entry element MYSTICISM
942 ## - ADDED ENTRY ELEMENTS (KOHA)
Classification part Delta2xM72,1, 33H8
Koha item type Textual
Source of classification or shelving scheme
Holdings
Withdrawn status Lost status Damaged status Not for loan Home library Current library Date acquired Total Checkouts Full call number Barcode Date last seen Price effective from Koha item type
        Central Library Central Library 2022-10-05   Delta2xM72,1 33H8 CL0127808 2022-10-05 2022-10-05 Textual
Copyright @ Delhi University Library System